Estado de la población mundial 1999: 6 mil millones, es hora de optar
Guardat en:
| Autor corporatiu: | , |
|---|---|
| Format: | Llibre |
| Idioma: | espanyol |
| Publicat: |
Nueva York
FNUAP
1999
|
| Matèries: | |
| Etiquetes: |
Afegir etiqueta
Sense etiquetes, Sigues el primer a etiquetar aquest registre!
|
MARC
| LEADER | 00000nam a2200000 a 4500 | ||
|---|---|---|---|
| 001 | UCO5651 | ||
| 003 | CL-VaPUC | ||
| 008 | 000908e19990000US |||||||||||||||||spa|d | ||
| 082 | 0 | 4 | |a 304.6 |b FNU |2 21 |
| 110 | 2 | |a FNUAP |e author |9 450365 | |
| 710 | 2 | |a Fondo de Población de las Naciones Unidas |e author |9 450366 | |
| 245 | 1 | 0 | |a Estado de la población mundial 1999: 6 mil millones, es hora de optar |
| 300 | |a 76 p | ||
| 942 | |c BK | ||
| 945 | |d 20000908 00:00:00 |a rbrito | ||
| 260 | |a Nueva York |b FNUAP |c 1999 | ||
| 650 | 0 | |a Demografía |9 260008 | |
| 650 | 0 | |a Inmigración |9 268290 | |
| 650 | 0 | |a SIDA (Síndrome de Inmunodeficiencia Adquirida) |9 256118 | |
| 650 | 7 | |a CONTROL DE LA NATALIDAD |2 CL-VaPUC |9 308234 | |
| 650 | 7 | |a DENSIDAD DE POBLACION |2 CL-VaPUC |9 450367 | |
| 650 | 7 | |a PLANIFICACION DE LA FAMILIA |2 CL-VaPUC |9 338183 | |
| 583 | |a last modification |c 20000908 00:00:00 |k Rodrigo Vera | ||
| 999 | |c 291495 |d 291493 | ||
| 952 | |0 0 |1 0 |4 0 |6 304_600000000000000_FNU_1999 |7 0 |8 P |9 341363 |a BIBEDU |b BIBEDU |c BIBEDU_PB |d 2019-11-20 |i 3600491 |o 304.6 FNU 1999 |p 3600491 |r 2024-01-25 |w 2019-11-20 |y BK |k BME | ||